Tính toán các tính chất đặc trưng của hệ thống chuẩn bị văn bản tài liệu /

Spremljeno u:
Bibliografski detalji
Glavni autor: Bodrov, A.A.
Daljnji autori: Gorshkov. G.S., Phạm Đình Thực., Saksonov. E.A.
Format: Članak
Jezik:Vietnamese
Teme:
Oznake: Dodaj oznaku
Bez oznaka, Budi prvi tko označuje ovaj zapis!
Thư viện lưu trữ: Thư viện Trường Đại học Đà Lạt
LEADER 00917nam a2200289 4500
001 DLU120137963
005 ##20120723
040 # # |a DLU  |b vie 
041 # # |a vie 
044 # # |a vn 
100 # # |a Bodrov, A.A. 
245 # # |a Tính toán các tính chất đặc trưng của hệ thống chuẩn bị văn bản tài liệu /  |c A.A. Bodrov, G.S. Gorshkov, E.A. Saksonov, Phạm Đình Thực. 
653 # # |a Lượng tối ưu 
653 # # |a Xác suất 
700 # # |a Gorshkov. G.S.  
700 # # |a Phạm Đình Thực. 
700 # # |a Saksonov. E.A.  
773 # # |t Tạp chí Quản lý nhà nước  |g Số 12(179), 2010, tr. 79-85 
920 # # |a Phòng Tạp chí -- Trung tâm Thông tin - Thư viện Trường Đại học Đà Lạt 
994 # # |a DLU 
900 # # |a True 
911 # # |a Nguyễn Thị Linh Chi 
925 # # |a G 
926 # # |a A 
927 # # |a BB 
980 # # |a Thư viện Trường Đại học Đà Lạt